000 00289nam a22001337a 4500
008 170904b xxu||||| |||| 00| 0 eng d
020 _a9780073534190
041 _aeng
080 _a070
100 _a40
101 _aMED
245 _aA SPEAKERS RESOURCE
_cOBRIWN.L
942 _2udc
_cBK
999 _c26035
_d26035